[Event "EIWCC 2017"]
[Site "Riga"]
[Date "2017.04.17"]
[Round "7"]
[White "Arakhamia-Grant, Ketevan"]
[Black "Galliamova, Alisa"]
[Result "1/2-1/2"]
[WhiteElo "2374"]
[BlackElo "2444"]
[Annotator "TA"]
[PlyCount "132"]
[EventDate "2017.??.??"]
[EventType "swiss"]
[EventCountry "LAT"]
[SourceTitle "playchess.com"]
[Source "ChessBase"]
[SourceQuality "1"]

{[%evp 16,132,20,18,32,0,22,5,12,0,0,0,12,13,20,18,14,0,20,18,19,25,26,19,10,14,16,0,2,-8,12,0,11,-2,-6,-44,0,11,12,3,18,0,0,0,6,0,0,-82,-82,-184,-184,-184,-184,-184,-184,-306,-184,-184,-177,-195,-195,-195,-196,-206,-202,-204,-99,-103,-31,-35,-31,-31,-31,-77,-74,-47,-35,-43,-42,-45,-54,-41,0,0,0,0,0,0,0,0,0,0,0,0,0,0,0,0,10,0,0,0,0,0,0,0,0,0,0,0,0,0,0,0,0,0,0,0,0]} 1. e4 e5 2. Nf3 Nc6 3. Nc3 Nf6 4. Bb5 Bd6 5. a3 {C48: Four Knights: 4 Bb5, replies other than 4...Bb4} O-O 6. d3 Re8 7. O-O h6 8. h3 Bf8 9. Re1 {LiveBook: 5 Games} d6 10. Nd5 $146 (10. d4 exd4 11. Nxd4 Bd7 12. Bf4 Nxd4 13. Bxd7 Nxd7 14. Qxd4 {0-1 (56) Ginsburg,G (2537)-Eljanov,P (2717) Germany 2010}) 10... Bd7 11. Ne3 Ne7 12. Bc4 c6 13. Bb3 Ng6 14. Nh2 Be6 15. Bxe6 Rxe6 16. Nf5 d5 17. Qf3 Qa5 18. c3 Rd8 19. Ng4 Nxg4 20. hxg4 f6 21. g3 Nh8 22. Kg2 Qb5 23. a4 Qb3 24. Rh1 Nf7 25. Qe2 Qb6 26. Qc2 a5 27. Be3 Qa6 28. Rad1 Ree8 29. Qb3 Rd7 30. Bb6 Kh7 31. Ne3 {[#]} (31. Nh4 $11 {keeps the balance.}) 31... Re6 $1 $17 ({Much weaker is} 31... Bb4 32. cxb4 (32. exd5 Qxb6 33. cxb4 cxd5 $11) 32... Qxb6 33. b5 $11 (33. exd5 cxd5 34. b5 d4 $11)) 32. Nf5 (32. exd5 $17 {was called for.} cxd5 33. Nxd5) 32... c5 $19 33. Bxc5 Bxc5 34. exd5 Re8 35. Qc2 (35. Nh4 $142) 35... Kg8 36. c4 Bf8 37. Qe2 Qb6 38. Rb1 Qb3 39. Ra1 Nd6 40. Ne3 {and the idea c5 leaves White hopeful.} e4 (40... Rc8 $19 {and Black stays clearly on top.} 41. Ra3 Qb4) 41. d4 $17 Nxc4 (41... Nf7 $17 42. c5 b6) 42. Qxc4 $15 Qxc4 43. Nxc4 Rxd5 44. Rhd1 Red8 45. Rac1 Bb4 46. Ne3 $1 {[%cal Re3d5]} Rxd4 47. Rxd4 Rxd4 {[%mdl 4096] Endgame KRB-KRN} 48. Rc8+ Bf8 49. Nc4 $1 {The position is equal.} e3 50. fxe3 Rxg4 51. b3 ({Reject} 51. Nxa5 Rxa4 52. Nxb7 Ra2 $17) 51... h5 52. Kf3 Kf7 53. Rc7+ Kg6 54. Rxb7 Rg5 55. e4 Bb4 56. Ne3 Rc5 57. Nf5 {[%csl Gf5][%cal Rb7g7] [#]} Rc3+ 58. Kg2 {[%csl Gf5][%cal Rb7g7]} Bf8 59. Rb5 Kf7 60. Rxa5 Rxb3 61. Ra7+ Kg8 62. Ra8 Rb2+ 63. Kf3 Rb3+ 64. Kg2 Rb2+ 65. Kf3 Rb3+ 66. Kg2 Rb2+ 1/2-1/2

[Event "EIWCC 2017"]
[Site "Riga"]
[Date "2017.04.17"]
[Round "7"]
[White "Arabidze, Meri"]
[Black "Gaponenko, Inna"]
[Result "1/2-1/2"]
[WhiteElo "2373"]
[BlackElo "2416"]
[Annotator "TA"]
[PlyCount "81"]
[EventDate "2017.??.??"]
[EventType "swiss"]
[EventCountry "LAT"]
[SourceTitle "playchess.com"]
[Source "ChessBase"]
[SourceQuality "1"]

{[%evp 20,81,40,40,52,25,36,18,23,4,12,16,9,12,25,-19,-18,-46,13,13,13,13,13,13,13,15,18,12,22,10,5,-8,-8,-8,-8,-8,-8,-8,-8,-8,-4,-12,0,-30,-33,-35,-24,-25,-19,-23,-17,-24,-24,-24,-8,-24,-8,-8,-8,-8,-8,-8,0,-9]} 1. d4 Nf6 2. Nf3 e6 3. Bf4 c5 4. e3 Nc6 5. c3 Be7 6. h3 b6 7. Nbd2 Bb7 8. Bd3 O-O 9. Qe2 cxd4 10. exd4 a6 {A47: 1 d4 Nf6 2 Nf3 b6: Torre, London and Colle Systems} (10... Re8 11. O-O Bf8 12. Bh2 Ne7 13. Ba6 Qc8 14. Bxb7 Qxb7 15. Be5 d5 16. Bxf6 gxf6 17. Ne1 Nf5 18. Nd3 {0-1 (54) Rahman,Z (2554)-Laznicka,V (2634) Kolkata 2009}) 11. O-O {LiveBook: 3 Games} d6 12. Bh2 b5 $146 {White has an edge.} (12... Re8 13. Rfe1 Bf8 14. a4 Ne7 15. Nc4 Ned5 16. Ng5 Qc7 17. Nd2 h6 18. Nge4 Nxe4 19. Bxe4 {1-0 (37) Pribyl,J (2415)-Farago,S (2320) Budapest 1986}) 13. a3 Re8 14. Ng5 h6 15. Nge4 ({Reject} 15. Nxf7 Kxf7 16. a4 bxa4 17. Rxa4 Qc7 $17) 15... e5 16. dxe5 Nxe5 17. Nxf6+ Bxf6 18. Ne4 Nxd3 (18... Bh4 $15 19. Bxe5 Rxe5) 19. Nxf6+ $11 Qxf6 20. Qxd3 Re6 21. Rae1 Rae8 22. Rxe6 Rxe6 23. Bg3 h5 24. h4 g5 25. Qd4 (25. hxg5 $5 {with more complications.} Qxg5 26. Qd4 Rg6 27. Re1 Bc6 28. c4) 25... Qxd4 26. cxd4 gxh4 27. Bxh4 {[%mdl 4096] Endgame KRB-KRB} Re4 28. Bf6 Rf4 29. Be7 Rxd4 30. f3 Kh7 31. Rf2 Kg6 32. Kf1 f6 33. Ke1 Kf7 34. Bd8 Bd5 35. Rd2 Rxd2 36. Kxd2 {KB-KB} Bc4 37. Ke3 Ke6 38. g3 {The position is equal.} Bb3 39. Ba5 Kf5 40. Bc3 Ke6 41. Ke4 1/2-1/2

[Event "EIWCC 2017"]
[Site "Riga"]
[Date "2017.04.17"]
[Round "7"]
[White "Yildiz, Betul Cemre"]
[Black "Zaksaite, Salomeja"]
[Result "1/2-1/2"]
[WhiteElo "2367"]
[BlackElo "2262"]
[Annotator "TA"]
[PlyCount "97"]
[EventDate "2017.??.??"]
[EventType "swiss"]
[EventCountry "LAT"]
[SourceTitle "playchess.com"]
[Source "ChessBase"]
[SourceQuality "1"]

{[%evp 18,97,43,16,29,26,18,13,19,20,36,24,70,58,72,60,110,127,119,97,113,102,114,111,137,148,130,127,133,135,146,33,64,60,51,60,63,57,55,60,60,37,68,60,72,40,72,72,72,43,37,27,59,62,63,0,0,0,0,0,0,0,0,0,0,0,0,0,3,3,3,3,8,3,8,8,8,8,8,8,8,8]} 1. d4 Nf6 2. Nf3 g6 3. Nbd2 d5 4. e3 Bg7 5. b4 Bf5 {D02: 1 d4 d5 2 Nf3 sidelines, including 2...Nf6 3 g3 and 2...Nf6 3 Bf4} (5... O-O 6. Bb2 Bf5 7. Be2 Nbd7 8. O-O c6 9. a4 Ne4 10. c4 Re8 11. cxd5 cxd5 12. Nxe4 Bxe4 13. Qb3 {1-0 (36) So,W (2808)-Vachier Lagrave,M (2796) chess.com INT 2017}) 6. c4 c6 7. Be2 Nbd7 {[%cal Bb8d7,Bd7f6,Bf6e4][%mdl 32]} 8. O-O O-O 9. Bb2 Ne4 10. Qb3 {LiveBook: 4 Games} Ndf6 11. cxd5 cxd5 12. Nxe4 $146 Nxe4 13. Rfc1 g5 14. b5 Be6 15. Qb4 f5 16. Ba3 Rf7 17. Ne5 Bxe5 18. dxe5 {Strongly threatening f3.} g4 19. Rc2 f4 {[#]} 20. exf4 $1 Qb6 21. Bd3 Rxf4 22. Bxe4 dxe4 23. Qxe7 {Hoping for Qg5+.} Rf7 24. Qd6 (24. Qg5+ $16 Rg7 25. Qh6) 24... Rd7 25. Qxb6 axb6 26. Bd6 Ra4 27. a3 Rd4 28. Rac1 Kf7 29. Rc3 Rd3 30. Kf1 Rd5 31. Rb1 Bf5 32. Ke2 e3 33. Rb4 exf2 {[#] Threatens to win with ...Rd2+!} 34. Rf4 Ke6 35. a4 Rf7 36. g3 ({Better is} 36. Kxf2 $14 Rd2+ 37. Kg3) 36... Rd4 $11 {The position is equal.} 37. Rc7 {aiming for Rxf7.} (37. Rxd4 $2 {is the wrong capture.} Bd3+ 38. Kxd3 f1=Q+ 39. Kc2 Qa1 $19) (37. Kxf2 $5 {feels hotter.} Rd2+ 38. Kg1 Rd1+ 39. Kg2 Rd2+ 40. Kg1) 37... Rxc7 38. Bxc7 Rxf4 39. gxf4 {[%mdl 4096] Endgame KB-KB} Bc2 40. Kxf2 Bxa4 41. Kg3 Kf5 42. e6 Kxe6 43. Kxg4 Bxb5 44. f5+ Kf6 45. Bxb6 Bd7 46. Bd4+ Kf7 47. Kg5 b5 48. Bc3 Bc8 49. Bb4 1/2-1/2

[Event "EIWCC 2017"]
[Site "Riga"]
[Date "2017.04.17"]
[Round "7"]
[White "Babiy, Olga"]
[Black "Vega Gutierrez, Sabrina"]
[Result "0-1"]
[WhiteElo "2359"]
[BlackElo "2413"]
[Annotator "TA"]
[PlyCount "54"]
[EventDate "2017.??.??"]
[EventType "swiss"]
[EventCountry "LAT"]
[SourceTitle "playchess.com"]
[Source "ChessBase"]
[SourceQuality "1"]

{[%evp 18,54,26,28,39,16,26,0,11,2,18,-55,0,-44,-4,-129,-52,-18,-41,-47,-13,-16,12,-8,-14,-12,-20,-109,-118,-372,-71,-357,-216,-29979,-29980,-29980,-29981,-29994,-29995]} 1. e4 c5 2. Nf3 e6 3. d4 cxd4 4. Nxd4 Nc6 5. Nc3 a6 6. Nxc6 bxc6 7. Bd3 d5 8. O-O Qc7 {B46: Sicilian: Taimanov: 5 Nc3 a6} (8... Nf6 9. Qe2 Be7 10. b3 O-O 11. Bb2 c5 12. Rae1 Re8 13. Na4 c4 14. bxc4 dxc4 15. Bxc4 Bb7 16. Rb1 Bc6 17. Nc3 Qa5 18. Rfd1 Nd7 19. Qe3 {1-0 (51) Kryvoruchko,Y (2701)-Berkes,F (2645) Hungary 2017}) 9. Qe2 Bb7 10. b3 {LiveBook: 5 Games} Bd6 {White has an edge.} 11. h3 Ne7 {[%cal Bg8e7,Be7g6,Bg6f4][%mdl 32]} 12. Bb2 $146 (12. Na4 Ng6 13. c4 O-O 14. Qc2 dxe4 15. Bxe4 f5 16. Bd3 {0-1 (23) Bittencourt,J (2448)-Diamant,A (2395) Rio de Janeiro 2007}) 12... O-O 13. Na4 {Threatens to win with e5.} Ng6 14. Rad1 (14. Rfe1 $11) 14... f5 (14... Nf4 $15 15. Qf3 (15. Qg4 e5 $15) 15... Rab8) 15. exf5 Nf4 16. Qe3 (16. Qg4 $11 {keeps the balance.}) 16... e5 ({Worse is} 16... exf5 17. Rfe1 $11) ({Black should play} 16... c5 $1 $17 17. Qd2 (17. fxe6 $2 d4 18. Qd2 Nxg2 19. Nxc5 Nh4 $19) 17... exf5) 17. f3 $15 Qe7 {And now ...Qg5 would win.} 18. g3 Nxd3 ({Not} 18... Qg5 19. Kh2 Nxh3 20. Bc1 $16) 19. Qxd3 Qg5 20. g4 Qh4 $36 {[%mdl 2048] Strongly threatening ...Qg3+. Black is more active.} 21. Kg2 Rae8 22. Rde1 (22. Qe2 $11) 22... h5 $1 $17 {[%cal Bh7h5,Bh5g4][%mdl 32]} 23. Qc3 $2 {[%mdl 8192] [#]} (23. b4 $17) 23... Rf7 $2 (23... c5 $1 $19 {[%mdl 512] has better winning chances. ...hxg4 is the strong threat.} 24. Nxc5 hxg4 25. Nxb7 (25. hxg4 $2 Bxc5 26. Qxc5 d4 27. Qc4+ Rf7 $19) 25... Bb4 $1 {[%mdl 512]}) 24. f4 $2 {[%mdl 8192]} (24. Qe3 $17 {was the only chance.}) 24... hxg4 25. fxe5 $2 {[#]} (25. hxg4 $19 Qxg4+ 26. Qg3 Qxg3+ 27. Kxg3) 25... d4 $1 {[%mdl 512] Black mates.} 26. Qg3 {[#]} (26. Qxd4 c5+) 26... c5+ $1 27. Kh2 {[#]} Rxe5 $1 {[%mdl 512]} (27... Bxe5 $2 28. Rxe5 Qxg3+ 29. Kxg3 $19) 0-1

[Event "EIWCC 2017"]
[Site "Riga"]
[Date "2017.04.17"]
[Round "7"]
[White "Lazarne Vajda, Szidonia"]
[Black "Sandu, Mihaela"]
[Result "1-0"]
[WhiteElo "2355"]
[BlackElo "2261"]
[Annotator "TA"]
[PlyCount "67"]
[EventDate "2017.??.??"]
[EventType "swiss"]
[EventCountry "LAT"]
[SourceTitle "playchess.com"]
[Source "ChessBase"]
[SourceQuality "1"]

{[%evp 13,67,43,41,40,53,45,68,50,84,75,89,73,97,90,112,101,123,106,104,111,123,137,179,154,183,178,186,125,104,99,112,110,293,299,310,294,490,472,477,441,930,940,1672,1037,1527,1356,1470,1333,1643,1612,1502,1521,1247,1135,29991,29992]} 1. e4 c5 2. Nf3 e6 3. d4 cxd4 4. Nxd4 a6 5. Bd3 Ne7 6. O-O Nbc6 7. Nxc6 Nxc6 8. Be3 {B42: Sicilian: Kan Variation: 5 Bd3} (8. f4 Bc5+ 9. Kh1 d6 10. Nd2 O-O 11. Nf3 b5 12. c3 Bb7 13. Qe2 Qe7 14. Be3 Rad8 15. b4 Bxe3 16. Qxe3 {1-0 (40) Amonatov,F (2620)-Pichot,A (2544) Doha 2016}) 8... Be7 9. f4 d6 10. c4 {White is slightly better.} O-O 11. Nc3 Rb8 $146 (11... Bf6 12. Be2 b6 13. Qd2 Rb8 {1-0 (42) Aldama Degurnay,D (2141)-Kleiman,J (2315) Boca Raton 2008}) 12. Rc1 Bf6 13. Bb1 Be7 14. Rf2 g6 15. a3 b6 16. Rd2 {Strongly threatening e5!} Na5 17. Ba2 Qc7 18. Qf1 Bd7 19. b4 Nc6 {[#]} 20. Bb1 (20. Nd5 $1 $18 {[%mdl 512]} exd5 21. cxd5) 20... Qb7 21. f5 {[%cal Bf4f5,Bf5f6][%mdl 32]} Rfd8 22. Bh6 {aiming for f6.} Ne5 $2 (22... f6 $16) 23. f6 $18 Bf8 24. Bxf8 Rxf8 $2 (24... Kxf8 {was called for.} 25. Qf4 (25. Rxd6 Qc7 26. Rd4 Bc6 27. Rxd8+ Rxd8 $14) 25... Ke8) 25. Rxd6 Kh8 26. Rcd1 Be8 (26... g5 $142 27. Qf2 Bc6) 27. Qf4 Nd7 28. e5 Rg8 29. Ne4 {[%cal Bc3e4,Be4g5,Bg5h7][%mdl 32]} Nf8 30. Ng5 Rc8 31. Rd8 Qc7 32. Rxc8 Qxc8 33. Rd3 {White threatens Nxh7! and mate.} Qc6 {[#]} 34. Nxh7 $1 {[%mdl 512]} 1-0

[Event "EIWCC 2017"]
[Site "Riga"]
[Date "2017.04.17"]
[Round "7"]
[White "Brunello, Marina"]
[Black "Bodnaruk, Anastasia"]
[Result "1/2-1/2"]
[WhiteElo "2354"]
[BlackElo "2446"]
[Annotator "TA"]
[PlyCount "89"]
[EventDate "2017.??.??"]
[EventType "swiss"]
[EventCountry "LAT"]
[SourceTitle "playchess.com"]
[Source "ChessBase"]
[SourceQuality "1"]

{[%evp 13,89,49,56,-122,-72,-58,-64,-64,-64,-54,-54,-62,-58,-52,-57,-54,-62,-60,-59,-71,-78,-75,-15,-30,0,0,-2,-7,0,-19,-1,-4,0,-4,-4,-4,-9,0,-5,-8,-3,0,0,0,0,0,0,0,0,-157,0,0,0,0,47,47,47,47,47,47,43,27,27,27,33,33,51,30,49,29,34,5,9,0,0,0,0,0]} 1. e4 d6 2. d4 g6 3. Nc3 Bg7 4. Be3 Nf6 5. Qd2 O-O 6. f3 c6 7. Bh6 e5 8. Nge2 $2 {[#] B07: Pirc Defence: Miscellaneous Systems} (8. Bxg7 $14 {stays ahead.} Kxg7 9. O-O-O) (8. Bxg7 Kxg7 9. O-O-O Nbd7 10. Nge2 b5 11. dxe5 dxe5 12. g4 b4 13. Nb1 Qe7 14. h4 Nc5 15. h5 Be6 16. Qg5 Rad8 17. Rxd8 Rxd8 18. Ng3 Bc8 19. hxg6 fxg6 20. Nh5+ {1-0 (20) Merry,A (2347)-Sowray,P (2365) Hampstead 2014}) 8... Nxe4 $1 {[%mdl 512]} 9. Nxe4 {aiming for 0-0-0.} Qh4+ 10. g3 {Black is slightly better.} Qxh6 11. Qxh6 Bxh6 12. Nxd6 exd4 13. Nxc8 Rxc8 14. Nxd4 Re8+ 15. Be2 Na6 16. c3 $146 Nc5 17. f4 Ne4 (17... Bg7 $17 18. Kf2 Ne4+ 19. Kf3 Nd2+ 20. Kf2 Rad8) 18. Rg1 $11 c5 19. Nb3 g5 20. Bb5 Red8 21. Rd1 gxf4 22. gxf4+ Kf8 23. Rxd8+ Rxd8 24. Rg4 f5 25. Rh4 Kg7 $36 {[%mdl 2048] Black is more active.} 26. Na5 Nd6 27. Bd3 Kg6 28. Ke2 Re8+ 29. Kf2 Re7 30. a4 Re8 31. h3 $2 {[#]} ({Better is} 31. Kf3 $11) 31... Ne4+ $2 ({Black should try} 31... c4 $1 $17 {[%cal Rc4d3][%mdl 512]} 32. Nxc4 Nxc4 33. Rg4+ (33. Bxc4 Bg7 34. Bd3 h5 35. Bxf5+ Kxf5 36. Rxh5+ Kxf4 37. Rh4+ Kg5 38. Rg4+ Kf6 $17) 33... Kf6) 32. Kf3 $1 Bf8 {And now ...Nd2+ would win.} 33. Rg4+ ({But not} 33. Nxb7 Nd2+ 34. Kf2 h5 $17) 33... Kf7 34. Rg2 Nd6 $1 35. Nc4 Nxc4 36. Bxc4+ $14 {[%mdl 4096] Endgame KRB-KRB} Kf6 37. Rg5 Rd8 38. Rg8 Be7 39. Rg2 Rd6 40. Re2 Bd8 41. Re5 b6 42. Bd5 h5 {The position is equal.} 43. c4 h4 44. Re8 a6 45. Rf8+ 1/2-1/2

[Event "EIWCC 2017"]
[Site "Riga"]
[Date "2017.04.17"]
[Round "7"]
[White "Mammadzada, Gunay"]
[Black "Kantane, Anna"]
[Result "0-1"]
[WhiteElo "2348"]
[BlackElo "2230"]
[Annotator "TA"]
[PlyCount "108"]
[EventDate "2017.??.??"]
[EventType "swiss"]
[EventCountry "LAT"]
[SourceTitle "playchess.com"]
[Source "ChessBase"]
[SourceQuality "1"]

{[%evp 14,108,38,45,69,65,70,76,66,63,65,66,79,41,33,33,39,33,37,33,44,37,67,52,68,62,68,68,77,68,84,68,75,68,75,68,68,68,68,68,75,75,90,75,79,0,93,0,86,85,83,87,124,75,146,84,144,54,75,77,153,149,135,126,173,124,99,59,52,48,44,35,45,26,17,7,23,-14,56,0,18,0,0,0,204,212,220,194,180,20,25,-507,-500,-709,-697,-694,-693]} 1. e4 c5 2. Nf3 e6 3. d4 cxd4 4. Nxd4 Nc6 5. Nc3 Qc7 6. Be3 Nf6 7. f4 {B48: Sicilian: Taimanov: 5 Nc3 Qc7 6 Be3 a6 without Be2} Nxd4 (7... Bb4 8. Ndb5 Qa5 9. e5 Nd5 10. Bd2 Nxc3 11. Bxc3 O-O 12. Qd2 a6 13. Bxb4 Qxb4 14. Qxb4 Nxb4 15. Nd4 {½-½ (15) Motylev,A (2656)-Svidler,P (2751) Tallinn 2016}) 8. Bxd4 {LiveBook: 4 Games} Bb4 9. Qf3 {White is slightly better.} b6 $146 (9... d6 10. O-O-O O-O 11. e5 dxe5 12. Bxe5 Qe7 13. a3 Bxc3 14. Qxc3 Nd5 15. Rxd5 exd5 16. Bxg7 {0-1 (54) Kokkila,T (2323)-Volodin,A (2509) Finland 2013}) 10. O-O-O Bb7 11. Bd3 Bxc3 12. Bxc3 O-O-O 13. Bd4 d5 {[%cal Rd5e4]} 14. e5 Ne4 15. c3 Kb8 16. g4 Nc5 17. Bc2 Ba6 18. Kb1 Qc6 19. h4 Qb5 20. Rh2 Rd7 21. Ka1 Rc7 22. h5 Bb7 23. Qf1 Qc6 24. f5 Ne4 25. Qf4 Rhc8 26. Qe3 Ba8 27. Rg2 Qb5 28. Bd3 Qa4 29. Bc2 Qb5 $1 30. Bd3 Qa4 $1 {[%cal Ra4d1]} 31. Re1 Bb7 32. f6 g6 33. Bc2 Qb5 {[#]} (33... Qa5 $142) 34. Rh2 ({But not} 34. Bxe4 $6 dxe4 35. Rd2 Qe8 $14) ({White should try} 34. Qh6 $1) 34... Nc5 (34... g5 $142) 35. Qe2 (35. Qh6 $16) 35... Qe8 36. Qd2 a5 (36... Qf8 $142) 37. Qh6 $16 Qg8 38. Qg7 Ba6 39. hxg6 hxg6 40. Qxg8 Rxg8 41. Reh1 Kb7 42. Rh7 Be2 43. Rg7 $36 {[%mdl 2048] White has the initiative.} Rf8 $1 44. Rhh7 {[#] Hoping for Bxg6!} Ne4 45. Rh4 Rd8 (45... g5 $11 46. Rh2 Bxg4) 46. b3 ({White should play} 46. a4 $14) 46... b5 {[%cal Bb6b5,Bb5b4][%mdl 32]} 47. Kb2 b4 {[%cal Rb4c3]} 48. c4 {And now cxd5 would win.} Ng5 $2 (48... Ka6 $11 49. cxd5 Rxd5 50. Bxe4 Rxd4 51. Bxg6 Rd2+ 52. Kb1 Rd1+ 53. Kb2 Rd2+ 54. Kb1 Rdd7) 49. Be3 $18 Nf3 50. Rhh7 d4 {[%cal Bd5d4,Bd4d3][%mdl 32]} 51. Be4+ $2 (51. Rxf7 $18 Rxf7 52. Rxf7+ Kc8 53. Bh6) 51... Ka6 52. Bf2 $2 {[%mdl 8192]} (52. Bf4 $11 {and White has nothing to worry.} d3 53. Bxf3 (53. Rxf7 Rxf7 54. Rxf7 d2 $11) 53... Bxf3 54. Bd2) 52... Ng5 $19 {Black is clearly winning.} ({Not} 52... Nxe5 53. Bg3 Rc5 54. Bh1 Bxg4 55. Bxe5 Rxe5 56. Rxf7 Re2+ 57. Ka1 $11) 53. Bb1 Nxh7 54. Rxh7 d3 0-1

[Event "EIWCC 2017"]
[Site "Riga"]
[Date "2017.04.17"]
[Round "7"]
[White "Warakomska, Anna"]
[Black "Mkrtchian, Lilit"]
[Result "1/2-1/2"]
[WhiteElo "2343"]
[BlackElo "2425"]
[Annotator "TA"]
[PlyCount "64"]
[EventDate "2017.??.??"]
[EventType "swiss"]
[EventCountry "LAT"]
[SourceTitle "playchess.com"]
[Source "ChessBase"]
[SourceQuality "1"]

{[%evp 28,64,26,13,39,0,13,0,0,0,0,0,0,0,0,0,51,43,58,-45,-58,-51,-9,-9,-6,-41,-34,-56,-74,-76,-56,-97,-94,-91,-85,-67,-78,-81,-55]} 1. e4 c5 2. Nf3 e6 3. d4 cxd4 4. Nxd4 a6 5. Nc3 Qc7 6. Bd3 Nf6 7. O-O d6 8. Kh1 Nbd7 9. Qe2 b5 10. f4 Bb7 11. Bd2 Be7 12. b4 O-O 13. a4 {B82: Sicilian Scheveningen: 6 f4} bxa4 14. Rxa4 Nb6 (14... Rfc8 15. Raa1 g6 16. Nf3 Bf8 17. Rae1 Bg7 18. Nd1 d5 19. exd5 Nxd5 20. Ne5 Nxe5 21. fxe5 {0-1 (59) Sprenger,J (2512)-Van Wely,L (2685) Novi Sad 2016}) 15. Raa1 {[%cal Rd3a6] LiveBook: 13 Games. White has an edge.} Qc8 16. e5 Nfd7 $146 (16... Nfd5 17. Ne4 dxe5 18. fxe5 f5 19. exf6 Nxf6 20. Ng5 e5 21. Nf5 Re8 22. Qxe5 Bxb4 23. Nh6+ gxh6 24. Qxf6 Bxg2+ 25. Kxg2 Qg4+ 26. Kh1 hxg5 27. Qf7+ {1-0 (27) Shkuro,I (2254)-Malahov,V Sevastopol 2000}) 17. exd6 Bf6 $1 {[%cal Rf6d4]} 18. Qf2 ({But not} 18. Qh5 $2 g6 19. Qe2 Bxd4 $19) 18... Nc4 19. Ne4 Bxe4 20. Bxe4 Rb8 {[%cal Ba8b8,Bb8b6,Bb6d6][%mdl 32]} 21. c3 Nxd6 (21... Bxd4 $11 22. cxd4 (22. Qxd4 Rb6 23. Be1 Rxd6 $11) 22... Nxd6) 22. Bd3 $14 Nc4 23. Qe2 (23. Be1 $1 $14) 23... Nxd2 $15 24. Qxd2 Rb6 25. Ne2 g6 26. Ra5 Rd6 27. Qc2 Rd8 28. Rf3 Nb8 29. Rc5 Qd7 {[%cal Rd6d3]} 30. Nc1 Be7 31. Ra5 Rc6 {[#] Strongly threatening ...Bxb4!} 32. Qb3 Rb6 1/2-1/2

[Event "EIWCC 2017"]
[Site "Riga"]
[Date "2017.04.17"]
[Round "7"]
[White "Malakhova, Elizaveta"]
[Black "Melia, Salome"]
[Result "1/2-1/2"]
[WhiteElo "2324"]
[BlackElo "2400"]
[Annotator "TA"]
[PlyCount "61"]
[EventDate "2017.??.??"]
[EventType "swiss"]
[EventCountry "LAT"]
[SourceTitle "playchess.com"]
[Source "ChessBase"]
[SourceQuality "1"]

{[%evp 16,61,-16,-58,-22,-24,-31,-67,5,12,23,16,14,18,18,26,67,48,95,92,174,70,181,202,148,137,208,114,184,149,231,181,175,136,151,44,44,46,45,45,45,50,43,0,0,0,35,0]} 1. f4 Nf6 2. Nf3 g6 3. d3 d5 4. e3 Bg7 5. Be2 O-O 6. O-O c5 7. Qe1 Nc6 8. a4 Qc7 9. Qh4 {LiveBook: 4 Games. A03: Bird's Opening with 1...d5} a6 (9... e5 10. e4 dxe4 11. dxe4 Nxe4 12. fxe5 f5 13. exf6 Nxf6 14. Bc4+ Kh8 15. Bf4 Qd8 16. Nc3 Bf5 {0-1 (46) Lie,K (2547)-Grandelius,N (2515) Wijk aan Zee 2010}) 10. Nc3 Nb4 $146 {Threatens to win with ...d4.} (10... d4 11. Ne4 Nxe4 12. dxe4 Nb4 13. f5 d3 14. fxg6 fxg6 15. cxd3 h6 16. Bd2 Be6 {1-0 (40) Bohn,T (2268)-Schulz,J (2175) Kamen 2016}) 11. Bd1 {[#]Black is slightly better.} Bg4 (11... d4 $1 $15 {[%mdl 512]} 12. Ne4 (12. exd4 cxd4 13. Nxd4 Qb6 $15) 12... dxe3 13. Bxe3 Nbd5) 12. e4 $11 dxe4 13. dxe4 Bxf3 14. Rxf3 Rfd8 {aiming for ...Nxe4!} 15. Be3 h5 16. h3 {[%cal Bh2h3,Bh3g4][%mdl 32]} Qc6 17. f5 Qd6 (17... Rac8 $16) 18. g4 (18. Bf4 $1 $18 {[%cal Rf4d6]} Qd4+ 19. Kh1 (19. Be3 Qd6 $14)) 18... hxg4 (18... Qe5 $14) 19. hxg4 $18 Nd7 20. Rh3 Nf8 (20... Kf8 $16) 21. Ne2 ({Better is} 21. Rc1 $18) 21... Qe5 {[#]} (21... Qf6 $16 {keeps fighting.} 22. Qxf6 (22. Bxc5 $2 Qxb2 23. Rc1 Na2 $19) 22... Bxf6) 22. c3 $1 Nd3 (22... Rd3 $16) 23. Bc2 Qxe4 24. Rf1 c4 {[#]} 25. Bd4 ({Much less strong is} 25. fxg6 $6 fxg6 26. Bh6 Qe5 $14) ({White should try} 25. Nf4 $1 $16) 25... Rxd4 $14 26. Nxd4 Bxd4+ 27. cxd4 Qxd4+ 28. Kh1 {Hoping for Bxd3.} Qe4+ $1 29. Kg1 {[%csl Gh3][%cal Rh4h8][%mdl 1024] White has compensation.} Qd4+ 30. Kh1 Qe4+ $1 31. Kg1 1/2-1/2